|
|
|
|
| LEADER |
00000nab a2200000 a 4500 |
| 001 |
vtls000868541 |
| 003 |
SK-MaSNL |
| 005 |
20260417112932.0 |
| 008 |
250429c2004 xo 0 slo |
| 015 |
|
|
|a SNBRB2004/04-10969
|
| 035 |
|
|
|a CLN000220093
|
| 035 |
|
|
|a urn:nbn:sk:snk-ab95b0
|
| 035 |
|
|
|a (urnnbn)urn:nbn:sk:snk:ar-006wc2
|
| 035 |
|
|
|a (uuid)7b3a3e36-4a3a-4f93-8535-cc9b34b2b84c
|
| 040 |
|
|
|a SNKBUCL
|b slo
|c SNKBUCL
|e AACR2
|
| 041 |
0 |
|
|a slo
|
| 044 |
|
|
|a xo
|c SK
|
| 080 |
|
|
|a 94(437.6)"1993/...":26/28
|2 1997
|
| 080 |
|
|
|a 26/28(437.6)
|2 1997
|
| 080 |
|
|
|a 330.5(437.6)
|2 1997
|
| 100 |
1 |
|
|a Lysák, Ladislav,
|d 1933-2026
|4 aut
|9 253419
|
| 245 |
1 |
0 |
|a Kresťanstvo a medzinárodné vzťahy Slovenska
|c Ladislav Lysák
|
| 500 |
|
|
|a Pokračovanie
|
| 504 |
|
|
|a Bibliogr. odkazy
|
| 650 |
0 |
7 |
|a hospodárstvo
|z Slovensko
|y po r. 1993
|2 snkbucl
|9 1427340
|
| 651 |
|
7 |
|a Slovensko
|x postavenie medzinárodné
|y po r. 1993
|x kresťanstvo
|x vplyv
|2 snkbucl
|9 1427341
|
| 655 |
|
7 |
|a články z novín a časopisov
|2 snkbucl
|9 267496
|
| 773 |
0 |
|
|t Kultúra
|g Roč. 7, č. 4 (2004), s. 16
|x 1335-3470
|
| 850 |
|
|
|a Slovenská národná knižnica
|
| 852 |
|
|
|a Slovenská národná knižnica
|
| 954 |
|
|
|a odborná, vedecká literatúra pôvodná (slovenská)
|2 lita
|
| 958 |
|
|
|a article13
|
| 958 |
|
|
|a OND
|
| 958 |
|
|
|a SK
|
| 958 |
|
|
|a NB
|
| 958 |
|
|
|a EUIPO
|
| 992 |
|
|
|a RBX
|
| 999 |
|
|
|c 2887821
|d 2889751
|